European Capitals - Statistics

General Stats
  • This quiz has been taken 16 times
  • The average score is 14 of 15
Answer Stats
Question Answer % Correct
Greece Athens
100%
Germany Berlin
100%
Denmark Copenhagen
100%
Portugal Lisbon
100%
Luxemburg Luxemburg
100%
Belarus Minsk
100%
Russia Moscow
100%
Norway Oslo
100%
Andorra Andorra la vella
94%
Monaco Monaco
94%
Cyprus Nicosia
94%
Bosnia And Herzegovina Sarajevo
94%
Vatican City Vatican City
94%
Liechtenstein Vaduz
88%
Austria Vienna
25%
No matching quizzes found
Score Distribution
Percent of People with Each Score
Percentile by Number Answered
Your Score History
You have not taken this quiz